Word Ladder: Snack Time! Quiz Stats

 Plays Quiz Updated Jul 7, 2018

Challenge
Share
Tweet
Embed
Score 0/26 Timer 04:00
0 Plays Today
Clue 6-Letter Word % Correct
______ late than never!BETTER
95.6%
Popcorn toppingBUTTER
94.2%
Event at Gettysburg or WaterlooBATTLE
93%
Perfume or beer container; Sting sent out a message in oneBOTTLE
92.9%
Clark Gable in 'Gone with the Wind'; Servant in a houseBUTLER
89.6%
Irish dog, or a volleyball playerSETTER
89%
✮With last rung, snack company famous for Cosmic Brownies and Oatmeal Creme Pies✮
Stuart _____
✮LITTLE✮
86.6%
To calm down, or to end a lawsuitSETTLE
86.6%
A small sofaSETTEE
83%
To spill the beansTATTLE
82.8%
Type of gum, bath, or wrapBUBBLE
82.2%
✮With first rung, snack company famous for Cosmic Brownies and Oatmeal Creme Pies✮
Actress Reynolds or singer Harry
✮DEBBIE✮
78.3%
The name for the dot on top of an 'i' or 'j'TITTLE
77.5%
Clue 6-Letter Word % Correct
'Taps' and 'Reveille' performer BUGLER
77.3%
An annoying little rascal; UK expletiveBUGGER
75.5%
To commit a robberyBURGLE
74.7%
Incoherent chatterBABBLE
74.6%
Pestered; Hid a microphoneBUGGED
72.5%
To take casual interest in an activityDABBLE
69.7%
Botch up; Jethro Tull song '______ in the Jungle'BUNGLE
69.6%
A cord that you hope doesn't breakBUNGEE
68.6%
To make a murmuring noise, like a fountain...and no, it's not 'gurgle'BURBLE
67.8%
Star Wars character Garv, or how a toddler might pronounce a synonym of SatanDEBBLE
65.4%
Closed with a stopperBUNGED
63.3%
To cover with speckles and spotsMOTTLE
63.1%
Moxie; SpunkMETTLE
62%

Today's Daily Dose

Missing Word
Hayao Miyazaki

Word Ladder
Florida

On This Day
December 13th II

You're not logged in!

Compare scores with friends on all Sporcle quizzes.
OR
Log In

You Might Also Like...

Show Comments

Extras

Top Quizzes Today


Score Distribution

Your Account Isn't Verified!

In order to create a playlist on Sporcle, you need to verify the email address you used during registration. Go to your Sporcle Settings to finish the process.

Report this User

Report this user for behavior that violates our Community Guidelines.

Details: